000 00326nam a2200133Ia 4500
008 210210b1971 xxu||||| |||| 00| 0 eng d
082 _a364 EYSC
100 _aEYSENCK (H J).
245 _aCrime and personality.
260 _aLondon
_bGranada publishing ltd
_c1971
300 _a211
690 _aCriminology
906 _a030416
999 _c81572
_d81572